| 000 | 00936nam a22003490a 4500 | ||
|---|---|---|---|
| 001 | UByD000413 | ||
| 003 | AR-LpoUNG | ||
| 005 | 20220506013917.0 | ||
| 008 | 191001s9999||||ag |||||||||||||||||spa d | ||
| 040 |
_aAR-LpoUNG _bspa _cAR-LpoUNG _eaacr |
||
| 041 | _aspa | ||
| 044 | _aag | ||
| 082 | 0 | _a982.068 952des | |
| 110 | 2 | _aFundación para la Democracia y la Participación | |
| 245 | 1 | 0 |
_aDesde la banca : _bAntonio Cafiero 1999-2001 |
| 260 |
_aBuenos Aires : _bFUDEPA, _cs.f. |
||
| 300 |
_a215 p. : _bfot., gráfs. |
||
| 650 | 4 | _aANALISIS HISTORICO | |
| 650 | 4 | _aASPECTOS ECONOMICOS | |
| 650 | 4 | _aASPECTOS POLITICOS | |
| 650 | 4 | _aDEMOCRACIA | |
| 650 | 4 | _aDEMOCRATIZACION | |
| 650 | 4 | _aDERECHOS CIVILES | |
| 650 | 4 | _aLEGISLACION | |
| 650 | 4 | _aPODER LEGISLATIVO | |
| 650 | 4 | _aPOLITICA | |
| 650 | 4 | _aPOLITICOS | |
| 653 | _aPERONISMO | ||
| 653 | _aUNION CIVICA RADICAL | ||
| 905 | _a41530 | ||
| 942 |
_cLIB _2ddc |
||
| 999 |
_c63098 _d63098 |
||